000 00362nam a2200157Ia 4500
003 OSt
005 20240117125343.0
008 170523s9999 xx 000 0 und d
020 _a8171007880
040 _ciimt university meerut
100 _aGOEL- BB
245 0 _aPROJECT MANAGEMENT
260 _bDEEP AND DEEP PUBLICATION
260 _c1996
942 _2ddc
_c02
999 _c306
_d306